Entrepreneurship (Record no. 6925)

MARC details
000 -LEADER
fixed length control field 00277nam a2200121Ia 4500
008 - FIXED-LENGTH DATA ELEMENTS--GENERAL INFORMATION
fixed length control field 191201s2011 xx 000 0 und d
100 ## - MAIN ENTRY--PERSONAL NAME
Personal name REEDY, P. Narayana
245 #0 - TITLE STATEMENT
Title Entrepreneurship
260 ## - PUBLICATION, DISTRIBUTION, ETC. (IMPRINT)
Name of publisher, distributor, etc Cengage Learning
Date of publication, distribution, etc 2011
300 ## - PHYSICAL DESCRIPTION
Extent 402
650 ## - SUBJECT ADDED ENTRY--TOPICAL TERM
Topical term or geographic name as entry element MBA
942 ## - ADDED ENTRY ELEMENTS (KOHA)
Source of classification or shelving scheme Dewey Decimal Classification
Koha item type Text Books
Holdings
Withdrawn status Lost status Source of classification or shelving scheme Damaged status Not for loan Collection code Home library Current library Date acquired Source of acquisition Cost, normal purchase price Bill Number Total Checkouts Full call number Acc. no. / Barcode Date last seen Date last borrowed Actual Cost, discounted price Bill Date Koha item type
    Dewey Decimal Classification     MBA PIET C-LIBRARY PIET C-LIBRARY 21/07/2020 Kirti Prakashan 475.00 IN 3890 6 658.421 REE 30809 29/07/2025 15/01/2025 332.50 16/05/2019 Text Books
    Dewey Decimal Classification     MBA PIET C-LIBRARY PIET C-LIBRARY 21/07/2020 Kirti Prakashan 475.00 IN 3890 4 658.421 REE 30810 30/05/2025 16/05/2025 332.50 16/05/2019 Text Books

Design & Developed by: PIET Central Library
R70 Miles Stone Pattikalyana Samalkha Panipat 132102
mail ID :- [email protected], Phone No:- 0180-2569700 Ex.216